000 00636nam a2200205 i 4500
001 bg
100 1 _aSZKUTNIK, Maria.
245 1 0 _aUniwersalny słownik angielsko-polski, polsko-angielski =
_buniversal English-Polish and Polish-English dictionary /
_cMaria Szkutnik.
260 _aWarszawa :
_b"Delta",
_c[199?].
300 _aXIV, 420, 64, 578 s. ;
_c24 cm.
650 9 _aSłownik angielsko-polski
650 9 _aSłownik polsko-angielski
020 _a837175079X
040 _cBPK
041 w _aenpl
080 _a81'374.822=111=162.1
920 _a83-7175-079-X
942 _cKS
008 s pl f |000 0 pol
999 _c31822
_d31822